000 00342 a2200109 4500
001 ART_6982
005 20260410161622.0
008 260409a
245 1 0 _aPrincipales aspectos vinculados con la mediación y la mediación concursal
100 1 _aRodríguez, Raquel E.
773 0 _tEnfoques
_g- Nº 2 (feb. 2011)
_wREV416
999 _c11644
_d11644